| 000 -ლიდერი |
| ფიქსირებული სიგრძის საკონტროლო ველი |
02090nam a22002777a 4500 |
| 003 - საკონტროლო ნომრის იდენტიფიკატორი |
| საკონტროლო ველი |
Ge_BSU |
| 005 - ბოლო ოპერაციის თარიღი და დრო |
| საკონტროლო ველი |
20241008161322.0 |
| 008 - ფიქსირებული სიგრძის მონაცემთა ელემენტები - ზოგადი ინფორმაცია |
| ფიქსირებული სიგრძის საკონტროლო ველი |
241008s2024 ge ||||| |||| 00| 0 geo d |
| 020 ## - წიგნის საერთაშორისო სტანდარტული ნომერი |
| International Standard Book Number |
9789941988097 |
| 041 ## - ენის კოდი |
| Language code of text/sound track or separate title |
geo |
| 080 ## - უნივერსალური ათობითი კლასიფიკაციის ინდექსი |
| Universal Decimal Classification number |
726(479.222.5) მ-58 |
| 245 ## - ცნობა სათაურის შესახებ |
| Title |
მესხეთის კულტურის ძეგლები : |
| Remainder of title |
2023 წლის ექსპედიციების ანგარიშები (ადიგენი, ასპინძა, ახალციხე) / |
| Statement of responsibility, etc |
ავტორები: ბებურ გოზალიშვილი, მერაბ ბერიძე, ლევან წიქარიშვილი [და სხვ.]საქართველოს კულტურისა და ტურისტული რესურსების კვლევის ცენტრი. |
| 264 ## - წარმოების, გამოცემის, დისტრიბუციის და სხვა ცნობები |
| გამოცემის, წარმოების, დისტრიბუციის... ადგილი |
თბილისი, |
| გამოცემის, წარმოების, დისტრიბუციის... თარიღი |
2024. |
| 300 ## - ფიზიკური აღწერა |
| Extent |
746 გვ. : |
| Other physical details |
ფოტ. ; |
| Dimensions |
29 სმ. |
| 500 ## - ზოგადი შენიშვნა |
| General note |
ანგარიშები დაიბეჭდა ნაწილობრივ საქართველოს კულტურისა და ტურისტული რესურსების კვლევის ცენტრის ფინანსური მხარდაჭერით |
| 504 ## - BIBLIOGRAPHY, ETC. NOTE |
| Bibliography, etc |
ბიბლიოგრაფია: გვ. 737-746. |
| 653 ## - INDEX TERM--UNCONTROLLED |
| Uncontrolled term |
კულტურული ძეგლები |
| 653 ## - INDEX TERM--UNCONTROLLED |
| Uncontrolled term |
მესხეთი |
| 700 ## - ADDED ENTRY--PERSONAL NAME |
| Personal name |
გოზალიშვილი, ბებურ |
| Relator term |
ავტორი |
| 9 (RLIN) |
23351 |
| 700 ## - ADDED ENTRY--PERSONAL NAME |
| Personal name |
ბერიძე, მერაბ |
| 9 (RLIN) |
4745 |
| 700 ## - ADDED ENTRY--PERSONAL NAME |
| Personal name |
წიქარიშვილი, ლევან |
| Relator term |
ავტორი |
| 9 (RLIN) |
7292 |
| 700 ## - ADDED ENTRY--PERSONAL NAME |
| Personal name |
იმედაშვილი, ანა და სხვ. |
| Relator term |
ავტორი. |
| 9 (RLIN) |
23352 |
| 710 ## - ADDED ENTRY--CORPORATE NAME |
| Corporate name or jurisdiction name as entry element |
საქართველოს კულტურისა და ტურისტული რესურსების კვლევის ცენტრი. |
| 9 (RLIN) |
23353 |
| 773 ## - HOST ITEM ENTRY |
| Title |
ნაჩუქარი |
| 942 ## - ADDED ENTRY ELEMENTS (KOHA) |
| Source of classification or shelving scheme |
|
| Koha item type |
წიგნი |